O myslení a nemyslení eseje 2010-2011

Bibliographic Details
Main Author: Štrauss, Tomáš, 1931-2013 (Author)
Format: Book
Language:Slovak
PhysicalDescription:136 s. fotogr., ilustr. 19 cm
Published: Bratislava Kalligram 2011
ISBN:9788081014345
Edition:1. vyd.
Subjects:

MARC

LEADER 00000cam a2200000 a 4500
001 vtls010276935
003 SK-MaSNL
005 20260302011736.0
008 240318s2011 xo oa e 000 e slo
015 |a SNBA2011/10-05249 
020 |a 9788081014345  |q (brož.) 
040 |a SNK  |b slo  |c SNK  |e AACR2 
041 0 |a slo 
044 |a xo  |c SK 
072 7 |a 316.7  |x Sociológia kultúry. Kultúrny život  |2 konspekt 
080 |a 316.72/.75  |2 2001 
080 |a (0:82-4)  |2 2001 
080 |a 316.3:502.11  |2 2001 
100 1 |a Štrauss, Tomáš,  |d 1931-2013  |4 aut  |9 97559 
245 1 0 |a O myslení a nemyslení  |b eseje 2010-2011  |c Tomáš Štrauss 
250 |a 1. vyd. 
260 |a Bratislava  |b Kalligram  |c 2011 
300 |a 136 s.  |b fotogr., ilustr.  |c 19 cm 
500 |a Obsahuje recenzie kníh autora v tlači a na internete z r. 2010 
504 |a Bibliogr. Bibliogr. autora s. [119]-136. 
650 0 7 |a kultúra a spoločnosť  |2 SNKPH  |9 4083 
650 0 7 |a Culture and society  |2 SNKPHeng  |9 265089 
650 0 7 |a sociálna ekológia  |2 SNKPH  |9 4857 
650 0 7 |a Social ecology  |2 SNKPHeng  |9 265576 
655 7 |a eseje  |2 SNKPH  |9 57030 
655 7 |a Essays  |2 SNKPHeng  |9 267540 
852 |a Štátna vedecká knižnica v Banskej Bystrici 
852 |a Akadémia umení v Banskej Bystrici 
919 |a 978-80-8101-434-5 
958 |a NB 
968 |d 30/31 
999 |c 1007247  |d 1009177 
952 |a SNK  |b SNK  |y PREZ  |7 0  |p 17A0695340  |o snkSD 80210  |i snk2011/11438  |8 0  |0 0  |1 0  |4 0  |d 2011-05-18  |l 0  |r 2025-11-27 00:00:00  |w 2026-02-24 
952 |a SNK  |b SNK  |y VYP  |7 0  |p 17A0695341  |o snkSD 80210 D1  |i snk2011/11439  |8 0  |0 0  |1 0  |4 0  |d 2011-05-18  |l 0  |r 2017-06-30 00:00:00  |w 2026-02-24